The common sense guide to your child's special needs : when to worry, when to wait, what to do

Αποθηκεύτηκε σε:
Λεπτομέρειες βιβλιογραφικής εγγραφής
Κύριος συγγραφέας: Pellegrino, Louis
Μορφή: Βιβλίο
Γλώσσα:English
Δημοσίευση: Baltimore : Paul. H. Brookes Publishing, 2012
Θέματα:
Ετικέτες: Προσθήκη ετικέτας
Δεν υπάρχουν, Καταχωρήστε ετικέτα πρώτοι!

MARC

LEADER 00000cam a2200000 i 4500
001 1/57016
008 140925s2012 eng d
020 |a 978-1-59857-184-4 (pbk.) 
035 |l 10119278 
040 |a GR-MY-UA  |b gre  |e aacr 
041 0 |a eng 
082 0 |a 371.9  |2 (23) 
100 1 |a Pellegrino, Louis. 
245 1 4 |a The common sense guide to your child's special needs :  |b when to worry, when to wait, what to do /  |c Louis Pellegrino 
260 |a Baltimore :   |b Paul. H. Brookes Publishing,   |c 2012 
300 |a ix., 380 σ.;  |b σχέδ.;  |c 23 εκ. 
500 |a Foreword by Mark L. Batshaw 
504 |a Περιλαμβάνει βιβλιογραφικές παραπομπές και ευρετήριο 
650 0 0 |a Special education. 
650 0 0 |a Children with disabilities. 
650 0 0 |a Children with disabilities  |x Family relationships. 
852 |a INST  |b RHODES  |e 20140925  |h 371.9 PEL  |p 005400036875  |q 005400036875  |t BK  |y 0 
901 |a BIBL4-2014-3 
909 |a Ρ  |b 189220 
922 |a 4ΕΛΗ  |b 201405  |c ΤΑΚ/ΠΤΔΕ  |d ΔΙΑΔΡΟΜΕΣ 
970 |z 2014/09/25